Statistics for Top 50 Gothic Rock Albums

Click here to take the quiz!

General Stats

  • This quiz has been taken 62 times
  • The average score is 9 of 50

Answer Stats

ArtistAlbum% Correct
#1: The CureDisintegration
77%
#2: The CurePornography
77%
#7: Siouxsie and the BansheesJuju
62%
#9: The Sisters of MercyFloodland
60%
#6: The CureFaith
56%
#8: BauhausIn the Flat Field
50%
#24: BauhausMask
48%
#5: The CureSeventeen Seconds
48%
#10: The Sisters of MercyFirst and Last and Always
42%
#43: The CureBloodflowers
31%
#18: Siouxsie and the BansheesTinderbox
31%
#23: BauhausBurning from the Inside
29%
#21: BauhausThe Sky's Gone Out
29%
#15: Siouxsie and the BansheesA Kiss in the Dreamhouse
27%
#14: Fields of the NephilimThe Nephilim
23%
#19: Christian DeathOnly Theatre of Pain
21%
#30: Clan of XymoxClan of Xymox
19%
#28: Clan of XymoxMedusa
19%
#41: Fields of the NephilimDawnrazor
17%
#12: Cocteau TwinsHead Over Heels
15%
#44: Christian DeathCatastrophe Ballet
13%
#34: Dead Can DanceDead Can Dance
13%
#39: The MissionGods Own Medicine
12%
#4: Nick Cave and the Bad SeedsTender Prey
12%
#13: Fields of the NephilimElizium
10%
#46: London After MidnightSelected Scenes from the End of the World
10%
#26: Virgin Prunes...If I Die, I Die
8%
#48: Fields of the NephilimMourning Sun
8%
#25: BauhausSwing the Heartache
6%
#3: SwansWhite Light from the Mouth of Infinity
6%
#11: Nick Cave and the Bad SeedsYour Funeral... My Trial
6%
#17: Chelsea WolfeAbyss
4%
#16: TiamatA Deeper Kind of Slumber
4%
#49: Love and RocketsEarth, Sun, Moon
4%
#33: Chelsea WolfeHiss Spun
4%
#32: Chelsea WolfeApokalypsis
2%
#36: Concrete BloodBloodletting
2%
#27: Rudimentary PeniCacophony
2%
#40: And Also the TreesFarewell to the Shade
2%
#38: SamhainNovember-Coming-Fire
2%
#31: The DamnedThe Black Album
2%
#37: The Legendary Pink DotsAny Day Now
0%
#45: Kayo DotCoffins on Io
0%
#22: Red Temple SpiritsDancing to Restore an Eclipsed Moon
0%
#42: The GaultEven as All Before Us
0%
#35: Agata KristiHurricane
0%
#47: Musta ParaatiPeilitalossa
0%
#20: Héroes del SilencioSenderos de Traición
0%
#50: This Burning EffigyTo Bestial Gods
0%
#29: SeigmenTotal
0%

Score Distribution

Percentile by Number Answered

Percent of People with Each Score

Your Score History

You have not taken this quiz